| 000 | 01058nam a22003257a 4500 | ||
|---|---|---|---|
| 001 | BR0103888 | ||
| 003 | BR-BrBNA | ||
| 005 | 20230928100842.0 | ||
| 007 | ta | ||
| 008 | 230509b bl.||||| |||| 00| 0 por d | ||
| 040 |
_aBR-BrBNA _bpor _cBiblioteca Nacional de Agricultura |
||
| 041 | _a(Por) | ||
| 072 |
_aL02 _b5212 _b1990 |
||
| 090 | _ 5212 BR0103888 | ||
| 100 | 1 | _aAlbuquerque, S.S.C. de | |
| 110 | 1 |
_aUniversidade Federal Rural de Pernambuco, Recife (Brasil) _0Tese (Mestre em Zootecnia) |
|
| 245 | 1 | _aUtilizacao de diferentes fontes de proteina e palma forrageira cv. Gigante na suplementacao de vacas leiteiras mantidas em pasto diferido | |
| 260 | 3 |
_aRecife, PE (Brasil): _c2000. |
|
| 300 | _a76 p. | ||
| 500 | _aSummaries (Eng, Por); Bibliography p. 65-76; 10 tables | ||
| 650 | _aVaca Leiteira | ||
| 650 | _aPalma Forrageira | ||
| 650 | _aProducao Leiteira | ||
| 650 | _aDieta | ||
| 650 | _aSuplemento Alimentar | ||
| 650 | _aCama de Galinheiro | ||
| 650 | _aPernambuco | ||
| 909 |
_a202309 _bLucia _c55 _dLucia Elande |
||
| 942 | _cBK | ||
| 999 |
_c63105 _d63105 |
||